[Event "World Cup U14 Prel"]
[Site "Tornelo INT"]
[Date "2021.08.11"]
[Round "7"]
[White "Fleri, Matthew"]
[Black "Ning, Eric"]
[Result "0-1"]
[WhiteElo "1778"]
[BlackElo "1957"]
[PlyCount "156"]
[EventDate "2021.08.11"]
[EventType "swiss (rapid)"]
[EventRounds "10"]
[EventCountry "NET"]
[SourceTitle "EXT 2025"]
[Source "ChessBase"]
[SourceDate "2024.10.14"]
[SourceVersion "1"]
[SourceVersionDate "2024.10.14"]
[SourceQuality "1"]

1. e4 c5 2. c3 Nf6 3. e5 Nd5 4. d4 cxd4 5. Nf3 Nc6 6. cxd4 d6 7. Nc3 Nxc3 8. bxc3 e6 9. exd6 Bxd6 10. Bd3 h6 11. 0-0 0-0 12. Bc2 Ne7 13. Nh4 Nd5 14. Qg4 Nf6 15. Qf3 Bd7 16. g3 Bc6 17. Qe2 Rc8 18. Nf3 Qa5 19. c4 Qh5 20. Bd1 Qh3 21. Bb2 Ng4 22. Re1 Nxh2 23. d5 Nxf3+ 24. Qxf3 Bd7 25. Bc2 exd5 26. Qc3 Qg4 27. Qd3 Qg6 28. Qxg6 fxg6 29. Bxg6 Rxc4 30. Rad1 Bc6 31. Bh5 Rc2 32. Bd4 b6 33. Kg2 Bc5 34. Bf3 Rd8 35. Bxc5 bxc5 36. Re5 Rxa2 37. Bxd5+ Bxd5+ 38. Rexd5 Rxd5 39. Rxd5 Ra5 40. Kf3 Kf7 41. Ke4 Ke6 42. Re5+ Kf6 43. f4 g6 44. g4 Kf7 45. f5 gxf5+ 46. Kxf5 Rb5 47. g5 hxg5 48. Kxg5 a6 49. Kf4 Kf6 50. Re1 Rb4+ 51. Ke3 Ke5 52. Kd3+ Kd5 53. Ra1 Rb6 54. Rh1 Kc6 55. Kc4 Rb4+ 56. Kc3 Kb5 57. Rh8 Rc4+ 58. Kb3 Rb4+ 59. Kc3 a5 60. Rb8+ Kc6 61. Rc8+ Kb6 62. Rb8+ Kc7 63. Rg8 a4 64. Rg5 Kc6 65. Rg6+ Kb5 66. Rg8 Rb3+ 67. Kc2 Kb4 68. Rb8+ Kc4 69. Ra8 Rb4 70. Rh8 a3 71. Rh3 Rb2+ 72. Kc1 Kb4 73. Rh4+ c4 74. Rh8 Rg2 75. Ra8 a2 76. Rb8+ Kc3 77. Rb3+ cxb3 78. Kd1 a1R# 0-1

[Event "World Cup U14 Prel"]
[Site "Tornelo INT"]
[Date "2021.08.11"]
[Round "8"]
[White "Shahar, Uzair"]
[Black "Fleri, Matthew"]
[Result "0-1"]
[WhiteElo "1302"]
[BlackElo "1778"]
[PlyCount "66"]
[EventDate "2021.08.11"]
[EventType "swiss (rapid)"]
[EventRounds "10"]
[EventCountry "NET"]
[SourceTitle "EXT 2025"]
[Source "ChessBase"]
[SourceDate "2024.10.14"]
[SourceVersion "1"]
[SourceVersionDate "2024.10.14"]
[SourceQuality "1"]

1. e4 c5 2. Nc3 d6 3. f4 g6 4. Nf3 Bg7 5. Bc4 Nc6 6. 0-0 e6 7. Bb5 Nge7 8. d3 0-0 9. Bd2 Nd4 10. Nxd4 cxd4 11. Ne2 Qb6 12. Ba4 Qxb2 13. Bb3 Qa3 14. Qe1 a5 15. Bc1 Qc5 16. a4 Nc6 17. Qh4 Nb4 18. Bd2 Bd7 19. Ng3 Rac8 20. f5 Qb6 21. Bh6 Nxc2 22. Bxg7 Kxg7 23. Bxc2 Rxc2 24. f6+ Kh8 25. Qh6 Rg8 26. Rf4 g5 27. Rff1 Qb2 28. Rab1 Qc3 29. Rfd1 Ra2 30. Rxb7 Qc2 31. Qg7+ Rxg7 32. fxg7+ Kxg7 33. Nh5+ Kh6 0-1

[Event "Wch FIDE Online U14 Europe qual"]
[Site "Tornelo INT"]
[Date "2020.12.07"]
[Round "2"]
[White "Fleri, Matthew"]
[Black "Levin, Guy"]
[Result "0-1"]
[WhiteElo "1557"]
[BlackElo "2177"]
[PlyCount "46"]
[EventDate "2020.12.07"]
[EventType "swiss (rapid)"]
[EventRounds "7"]
[EventCountry "ISS"]
[SourceTitle "EXT 2022"]
[Source "ChessBase"]
[SourceDate "2021.10.06"]
[SourceVersion "1"]
[SourceVersionDate "2021.10.06"]
[SourceQuality "1"]

1. d4 Nf6 2. Bf4 d5 3. e3 c5 4. c3 e6 5. Nf3 Be7 6. Bd3 0-0 7. Nbd2 Nc6 8. Ne5 Bd7 9. g4 g6 10. h4 Nxe5 11. dxe5 Ne8 12. h5 g5 13. Bg3 h6 14. f4 Qb6 15. Qe2 c4 16. Bc2 Qxb2 17. Qd1 Qxc3 18. Kf2 f6 19. exf6 Nxf6 20. Ne4 Nxg4+ 21. Qxg4 Qxc2+ 22. Kg1 Qxe4 23. fxg5 Qxg4 0-1

[Event "GBR-ch U12 106th"]
[Site "Torquay"]
[Date "2019.07.29"]
[Round "2"]
[White "Fleri, Matthew"]
[Black "Dharmasena, Kian"]
[Result "1-0"]
[WhiteElo "1739"]
[BlackElo "1548"]
[PlyCount "109"]
[EventDate "2019.07.28"]
[EventType "swiss"]
[EventRounds "7"]
[EventCountry "ENG"]
[SourceTitle "EXT 2020"]
[Source "ChessBase"]
[SourceDate "2019.10.17"]
[SourceVersion "1"]
[SourceVersionDate "2019.10.17"]
[SourceQuality "1"]

1. e4 e5 2. Nf3 Nc6 3. Bc4 Bc5 4. 0-0 d6 5. c3 Nf6 6. d3 0-0 7. Nbd2 a6 8. Bb3 Ba7 9. h3 Ne7 10. Re1 Ng6 11. Nf1 Be6 12. Bxe6 fxe6 13. d4 exd4 14. cxd4 Kh8 15. Ng3 e5 16. dxe5 Nxe5 17. Nxe5 dxe5 18. Be3 Bxe3 19. Rxe3 Qxd1+ 20. Rxd1 Rad8 21. Red3 Rxd3 22. Rxd3 g6 23. f3 Kg7 24. Rb3 b6 25. Ra3 a5 26. Rc3 Rf7 27. Kf2 Rd7 28. Ke2 Kf7 29. Nf1 Nh5 30. g3 Ke7 31. Kf2 Kd8 32. Rc2 Nf6 33. Ne3 Rd4 34. Nc4 Nd7 35. Rc1 Kc8 36. Ke3 c5 37. a4 Kb7 38. b3 g5 39. g4 Ka6 40. Ra1 h6 41. Ke2 Kb7 42. h4 Ka6 43. hxg5 hxg5 44. Rh1 Nf8 45. Rh6 Rxc4 46. bxc4 Kb7 47. Rf6 Nd7 48. Rf5 b5 49. cxb5 Nb6 50. Rxe5 Nxa4 51. Rxg5 Kb6 52. Rh5 Kxb5 53. g5 Nc3+ 54. Kd3 Ne2 55. Kxe2 1-0

[Event "Wch U20 57th"]
[Site "Manavgat"]
[Date "2018.09.13"]
[Round "9"]
[White "Nurgaliyev, Sauat"]
[Black "Fleri, Matthew"]
[Result "1/2-1/2"]
[WhiteElo "1685"]
[BlackElo "1625"]
[PlyCount "114"]
[EventDate "2018.09.05"]
[EventType "swiss"]
[EventRounds "11"]
[EventCountry "TUR"]
[SourceTitle "CBM 186 Extra"]
[Source "ChessBase"]
[SourceDate "2018.08.24"]
[SourceVersion "1"]
[SourceVersionDate "2018.08.24"]
[SourceQuality "1"]

1. b3 d5 2. Bb2 Nf6 3. e3 c5 4. Nf3 Nc6 5. Be2 e6 6. 0-0 Bd6 7. d4 0-0 8. h3 h6 9. Re1 b6 10. c3 Bb7 11. Nbd2 Re8 12. c4 Rc8 13. Bd3 Nb4 14. Bb1 Nc6 15. e4 Bf4 16. exd5 exd5 17. Rxe8+ Qxe8 18. dxc5 bxc5 19. Bxf6 gxf6 20. cxd5 Ne5 21. Bf5 Rd8 22. Ne4 Nxf3+ 23. Qxf3 Qe5 24. Qg4+ Kf8 25. Rf1 Rxd5 26. Bh7 Rd4 27. f3 h5 28. Qf5 Qxf5 29. Bxf5 Bxe4 30. Bxe4 Rd2 31. a4 Rb2 32. Rb1 Rxb1+ 33. Bxb1 Ke7 34. Kf2 Kd6 35. Ke2 Ke5 36. Kd3 Kd5 37. Ba2 Ke5 38. Kc4 Be3 39. b4 cxb4 40. Kxb4 Bd2+ 41. Kb5 h4 42. Bxf7 Kf4 43. Kc4 Kg5 44. Kd3 Bf4 45. Be6 Be5 46. Ke4 Bf4 47. Bf5 Be5 48. Bg4 Bf4 49. Bc8 Be5 50. a5 Bf4 51. a6 Be5 52. Bg4 Bf4 53. Bf5 Be5 54. Bg4 Bf4 55. Bf5 Be5 56. Bg4 Bf4 57. Bf5 Be5 1/2-1/2

[Event "BCF-ch U14"]
[Site "Hull"]
[Date "2018.08.01"]
[Round "4"]
[White "Audhora, Purba"]
[Black "Fleri, Matthew"]
[Result "0-1"]
[WhiteElo "1087"]
[BlackElo "1643"]
[PlyCount "140"]
[EventDate "2018.07.29"]
[EventType "swiss"]
[EventRounds "7"]
[EventCountry "ENG"]
[SourceTitle "CBM 186 Extra"]
[Source "ChessBase"]
[SourceDate "2018.08.24"]
[SourceVersion "1"]
[SourceVersionDate "2018.08.24"]
[SourceQuality "1"]

1. e4 c5 2. Nf3 d6 3. d4 cxd4 4. Nxd4 Nf6 5. Nc3 a6 6. Bd3 e5 7. Nf3 Bg4 8. Bg5 Be7 9. 0-0 0-0 10. Re1 Nc6 11. Be2 Nb8 12. Qd3 Nbd7 13. Rad1 Nc5 14. Qe3 Qc7 15. h3 Be6 16. Bxf6 Bxf6 17. Nd5 Bxd5 18. Rxd5 Nd7 19. Red1 Be7 20. c3 Qc6 21. R5d2 Rae8 22. a3 Kh8 23. Bd3 Nc5 24. Bc2 Rc8 25. Kh1 h6 26. Rd5 Nd7 27. R5d2 Nb6 28. Bb3 Qb5 29. Ba2 Na4 30. Qe2 Qb6 31. Bd5 Qc7 32. Qe3 Kg8 33. Qe2 b5 34. Rc2 Nb6 35. Ba2 Qc6 36. Rdc1 Nc4 37. Bxc4 bxc4 38. Nd2 Bg5 39. Rd1 Qc5 40. Qf3 Rfe8 41. Nf1 Qb6 42. Ng3 g6 43. Re2 Qc5 44. Qg4 Qc6 45. h4 Bd8 46. h5 Kh7 47. hxg6+ fxg6 48. Red2 Bc7 49. Ne2 Rf8 50. Ng3 Qe8 51. Kh2 Rf4 52. Qe2 Qc6 53. Rh1 Bb6 54. Qd1 Bxf2 55. Rxf2 Rxf2 56. Qg4 Rf4 57. Qe2 Qc5 58. Kh3 Rcf8 59. Rd1 g5 60. Nf5 Rf6 61. b4 Qc6 62. Rd5 R6xf5 63. exf5 Qxd5 64. Qe3 Qd3 65. Qxd3 cxd3 66. f6 d2 67. f7 d1Q 68. f8Q Rxf8 69. c4 Qh1+ 70. Kg4 Qh4# 0-1

[Event "EU-ch U10 27th"]
[Site "Mamaia"]
[Date "2017.09.09"]
[Round "5"]
[White "Gudmundsson, Gunnar Erik"]
[Black "Fleri, Matthew"]
[Result "1/2-1/2"]
[WhiteElo "1341"]
[BlackElo "1564"]
[PlyCount "65"]
[EventDate "2017.09.05"]
[EventType "swiss"]
[EventRounds "9"]
[EventCountry "ROU"]
[SourceTitle "CBM 180 Extra"]
[Source "ChessBase"]
[SourceDate "2017.10.06"]
[SourceVersion "1"]
[SourceVersionDate "2017.10.06"]
[SourceQuality "1"]

1. d4 f5 2. Bg5 g6 3. c4 Bg7 4. Nc3 Nf6 5. Qd2 h6 6. Be3 b6 7. g3 Bb7 8. d5 d6 9. Nf3 Qd7 10. Bg2 Na6 11. Nd4 Ng4 12. Ne6 Nxe3 13. Qxe3 Bf6 14. Rc1 Nc5 15. b4 Nxe6 16. dxe6 Qc8 17. Nd5 Bg7 18. c5 dxc5 19. bxc5 Bxd5 20. Bxd5 Rb8 21. cxb6 axb6 22. 0-0 c5 23. Qf4 0-0 24. Qa4 Qc7 25. Qb5 Rfd8 26. Bb3 Rd6 27. Rfd1 Rbd8 28. Rxd6 Rxd6 29. Qe8+ Kh7 30. Qf7 Rd8 31. Rd1 Rxd1+ 32. Bxd1 Qd8 33. Bb3 1/2-1/2

[Event "EU-ch U16 26th"]
[Site "Prague"]
[Date "2016.08.25"]
[Round "7"]
[White "Fleri, Matthew"]
[Black "Havelka, Jonas"]
[Result "1/2-1/2"]
[WhiteElo "1276"]
[BlackElo "1624"]
[PlyCount "38"]
[EventDate "2016.08.18"]
[EventType "swiss"]
[EventRounds "9"]
[EventCountry "CZE"]
[SourceTitle "CBM 174 Extra"]
[Source "ChessBase"]
[SourceDate "2016.10.10"]
[SourceVersion "1"]
[SourceVersionDate "2016.10.10"]
[SourceQuality "1"]

1. e4 e5 2. Nf3 Nc6 3. Bc4 Nd4 4. 0-0 Nxf3+ 5. Qxf3 Qf6 6. Qxf6 Nxf6 7. Nc3 Bb4 8. d3 0-0 9. a3 Bxc3 10. bxc3 d6 11. h3 Be6 12. Bxe6 fxe6 13. Be3 b6 14. f4 exf4 15. Rxf4 e5 16. Rf3 Nh5 17. Rxf8+ Rxf8 18. Rf1 Nf4 19. Kh2 c5 1/2-1/2

[Event "EU-ch U16 26th"]
[Site "Prague"]
[Date "2016.08.22"]
[Round "5"]
[White "Fleri, Matthew"]
[Black "Bugar, Peter"]
[Result "0-1"]
[WhiteElo "1276"]
[BlackElo "1857"]
[PlyCount "100"]
[EventDate "2016.08.18"]
[EventType "swiss"]
[EventRounds "9"]
[EventCountry "CZE"]
[SourceTitle "CBM 174 Extra"]
[Source "ChessBase"]
[SourceDate "2016.10.10"]
[SourceVersion "1"]
[SourceVersionDate "2016.10.10"]
[SourceQuality "1"]

1. e4 e6 2. d4 d5 3. e5 c5 4. c3 Nc6 5. Nf3 Qb6 6. Qb3 Qxb3 7. axb3 cxd4 8. cxd4 Bd7 9. Bd2 Rc8 10. Bd3 Nb4 11. Bxb4 Bxb4+ 12. Nbd2 a6 13. 0-0 Ne7 14. Rfc1 0-0 15. h3 Rc6 16. Rxc6 Nxc6 17. Nb1 Rc8 18. Nc3 h6 19. Na4 Na5 20. Nc5 Bxc5 21. Rxa5 Bb6 22. Ra1 f6 23. Kf1 Bb5 24. Bxb5 axb5 25. Ke1 fxe5 26. dxe5 Rc2 27. Ra8+ Kh7 28. Rb8 Bxf2+ 29. Kf1 Bg3 30. Rxb7 Rf2+ 31. Kg1 Rxb2 32. Kf1 Rxb3 33. Nd4 Rb1+ 34. Ke2 Rb2+ 35. Kf3 Bxe5 36. Nxe6 b4 37. Ra7 b3 38. Rb7 Rb1 39. Kg4 b2 40. Rb5 Re1 41. Nc7 b1Q 42. Rxb1 Rxb1 43. Nxd5 Kg6 44. Ne7+ Kf6 45. Nd5+ Ke6 46. Ne3 Rb3 47. Nf1 g6 48. Nd2 Rg3+ 49. Kh4 Rxg2 50. Nc4 Bf6# 0-1